| 000 | 00582nam a22001817a 4500 | ||
|---|---|---|---|
| 005 | 20251108170605.0 | ||
| 008 | 250721s2000 xx 000 0 ara d | ||
| 082 | 1 | 4 | _a811/مؤي |
| 100 | 1 | _aالمؤيدي، مجد الدين بن محمد بن منصور | |
| 245 | 1 | 0 | _aعيون المختار من فنون الأشعار و الآثار / |
| 264 | 1 |
_aصنعاء : _bمركز أهل البيت، _c2000. |
|
| 300 | _a220ص. | ||
| 650 | 1 | 7 | _aالشعر العربي |
| 650 | 1 | 7 | _aالحكمة |
| 650 | 1 | 7 | _aالوعظ و الإرشاد |
| 942 |
_2ddc _cBK |
||
| 999 |
_c44225 _d44225 |
||